[Event "Pamplona 9697 7th"]
[Site "Pamplona"]
[Date "1996.??.??"]
[Round "1"]
[White "Gomez Esteban, Juan Mario"]
[Black "De la Villa Garcia, Jesus Maria"]
[Result "0-1"]
[WhiteElo "2495"]
[BlackElo "2495"]
[Annotator "Ftacnik,L"]
[PlyCount "60"]
[EventDate "1996.12.??"]
[EventType "tourn"]
[EventRounds "9"]
[EventCountry "ESP"]
[EventCategory "13"]
[SourceTitle "CBM 057"]
[Source "ChessBase"]
[SourceDate "1997.04.01"]
[SourceVersion "1"]
[SourceVersionDate "1997.04.01"]
[SourceQuality "1"]

1. d4 Nf6 2. c4 g6 3. Nc3 d5 4. Bf4 Bg7 5. Rc1 Nh5 6. Bg5 (6. Bd2 $5 c5 7. e3
$1 cxd4 8. exd4 Nc6 9. cxd5 Nxd4 10. Nge2 $14) 6... h6 7. Bh4 (7. Bd2 $5 dxc4
8. e3 Be6 9. Nf3 c6 10. Ne4 Bd5 11. Qc2 b5 12. Nc5 f5 13. Nh4 $1 Qd6 $8 14. Be2
O-O 15. O-O $2 Qf6 16. g3 Qf7 $1 17. f3 g5 18. Ng2 f4 $1 19. g4 fxe3 20. Bxe3
Nf4 21. Nxf4 gxf4 22. Bf2 e6 23. b3 cxb3 24. axb3 $13 {Pinter,J-Popovic,P/
Thessaloniki ol/1988/}) 7... dxc4 (7... c5 8. e3 cxd4 9. exd4 dxc4 10. Bxc4 O-O
11. d5 $1 Nd7 12. Nf3 g5 13. Bg3 Nxg3 14. hxg3 g4 $8 15. Nh4 $5 Ne5 16. Bb3 Qb6
$1 17. O-O Bd7 18. Re1 $6 Rac8 19. Rc2 Qa6 $1 $8 20. Rd2 Rfe8 21. d6 $1 e6 $8
22. Rd4 $5 {Dydyshko,V-Novik,M/Katowice/1992/0-1 (51)}) (7... g5 8. e3 $1 $16)
8. e3 Be6 (8... c5 9. dxc5 Qxd1+ 10. Nxd1 g5 11. Bg3 Nxg3 12. hxg3 Na6 13. Bxc4
Nxc5 14. Bb5+ Nd7 15. Nf3 a6 16. Ba4 b5 17. Bb3 e6 18. Nd4 Bb7 19. f3 Rc8 20.
Rxc8+ Bxc8 21. Nf2 Bb7 22. Nd3 Ke7 {1/2-1/2 Villeneuve,A-Bernard,C/FRA-ch
Angers (03) 1990 (30)}) 9. Be2 c5 (9... Nf6 10. Nf3 (10. Bxf6 exf6 $1 $132)
10... c6 11. Ne5 $1 (11. O-O O-O 12. Ne5 b5 13. b3 cxb3 14. axb3 a6 15. Qc2 {
1/2-1/2 Horvath,J-Fogarasi,T/Zalakaros op (05) ;TD 94\02 1994}) 11... b5 12. f4
$1 Nd5 $8 13. Qd2 Nxc3 14. bxc3 Bd5 15. Qc2 $1 $8 (15. O-O Nd7 $17) 15... Bf6
$1 16. Bf2 (16. Bg3 Bxg2 17. Rg1 Qd5 18. Bxc4 bxc4 19. Rxg2 Nd7 20. e4 Qe6 $13)
16... Bxg2 17. Rg1 Qd5 $1 18. Rxg2 $1 $8 Qxg2 19. Bf3 Qh3 20. Bg4 Qg2 $1 21.
Bf3 Qh3 22. Bg4 Qg2 23. Bf3 {1/2-1/2 Dreev,A-Leko,P/Wijk/1996/}) 10. Bxh5 (10.
dxc5 Nd7 11. Nf3 (11. Bxh5 gxh5 12. c6 bxc6 13. Qxh5 Ne5 $36) 11... Nxc5 12.
Nd4 Bxd4 13. exd4 Nf4 14. O-O Ncd3 15. Bxd3 Nxd3 16. Qa4+ Bd7 (16... Kf8 17. d5
Nxc1 18. Rxc1 Bf5 19. Qxc4 $132) 17. Qxc4 Nxc1 18. Rxc1 O-O (18... Rc8 19. Qd5
Bc6 20. Qe5 Rf8 21. d5 $36) 19. Qd5 b5 (19... Bc6 20. Qc5 Re8 21. Re1 g5 22.
Bg3 $15) 20. Re1 b4 21. Bxe7 (21. Rxe7 bxc3 22. Rxf7 Rxf7 23. Bxd8 cxb2 24. Qb3
Rxd8 25. Qxb2 Bc6 $19) 21... Re8 22. Re3 Rxe7 23. Rxe7 Be6 24. Qxd8+ Rxd8 25.
Ne2 a5 26. h3 Bxa2 {Rogozenko,D-Horvath,J/Odorheiu Secuiesc (02)/1993/0-1 (53)}
) 10... cxd4 11. Bf3 $6 {White wins the whole rook, but two passed pawns will
offer more than sufficient compensation. Weiß gewinnt einen ganzen Turm, aber
zwei verbundene Freibauern bieten mehr als ausreichende Kompensation.} (11.
exd4 gxh5 12. Nge2 $44 Bg4 (12... O-O 13. d5 Bf5 14. Ng3 Bd3 15. Nxh5 $36) (
12... Bf5 $5 13. Qa4+ Qd7 14. Qxc4 Nc6 $13) 13. h3 $1 Bxe2 14. Qxe2 Nc6 15. O-O
$36 Qxd4 (15... Nxd4 16. Qxh5 {/\ Rfe1}) 16. Qxh5 O-O $6 (16... Qe5 17. Qf3 Qd4
$14) 17. Rfe1 $1 {><e5} Qd6 18. Nd5 Qg6 19. Qf3 $16 {1-0 Yusupov,A-Stohl,I/GER/
1995 (34) ><c4, e7}) 11... dxc3 $2 12. Qxd8+ Kxd8 13. Bxb7 cxb2 14. Rd1+ Kc7
15. Bxa8 Rd8 $1 (15... c3 16. Be4 Bf5 (16... Bxa2 17. Bxe7 Bb3 18. Bd6+ Kc8 $17
) 17. Bg3+ e5 18. Bxf5 gxf5 19. Ne2 c2 20. O-O cxd1=Q 21. Rxd1 Rd8 22. Rb1 Kc8
$17) 16. Be4 (16. Rxd8 b1=Q+ 17. Rd1 Bc3+ 18. Ke2 Qc2+ $19) (16. Rb1 c3 17. Be4
Bf5 $19) 16... Bf5 17. Bxf5 (17. Rxd8 Kxd8 (17... Bxe4 18. Rd1 c3 19. Nf3 c2
20. Kd2 cxd1=Q+ 21. Rxd1 Nc6 $19) 18. Ne2 Bxe4 19. Kd2 b1=Q 20. Rxb1 Bxb1 $19)
17... gxf5 18. Rb1 c3 19. Nf3 (19. Ne2 c2 20. O-O cxb1=Q 21. Rxb1 Nc6 $19)
19... c2 20. Ke2 cxb1=Q 21. Rxb1 Nc6 22. Nd2 Rd5 23. Bg3+ (23. Nc4 Rc5 24. Bg3+
Kb7 25. Kd3 Nb4+ $19) 23... Kb7 24. a3 Na5 25. Bf4 Rxd2+ $1 (25... Kc6 $19) 26.
Kxd2 Nc4+ 27. Kd3 Nxa3 28. Bxh6 Nxb1 (28... Bh8 $19) 29. Bxg7 Nc3 30. Bxc3
b1=Q+ 0-1

[Event "HUN-ch"]
[Site "Budapest"]
[Date "1996.??.??"]
[Round "3"]
[White "Kiss, Pal"]
[Black "Ruck, Robert"]
[Result "1/2-1/2"]
[WhiteElo "2480"]
[BlackElo "2465"]
[Annotator "Ftacnik,L"]
[PlyCount "116"]
[EventDate "1996.12.??"]
[EventType "tourn"]
[EventRounds "11"]
[EventCountry "HUN"]
[EventCategory "9"]
[SourceTitle "CBM 057"]
[Source "ChessBase"]
[SourceDate "1997.04.01"]
[SourceVersion "1"]
[SourceVersionDate "1997.04.01"]
[SourceQuality "1"]

1. d4 {Endspiel-CD} Nf6 2. c4 g6 3. Nc3 d5 4. Bf4 Bg7 5. e3 c5 6. dxc5 Qa5 7.
Qa4+ Qxa4 8. Nxa4 Bd7 9. Nc3 dxc4 10. Bxc4 Bc6 11. f3 (11. Nf3 Nbd7 12. Ne5 (
12. O-O Nh5 (12... O-O 13. Nd4 Nxc5 14. Nxc6 bxc6 15. Be5 Ncd7 16. Bg3 Nb6 17.
Ba6 Nfd5 18. Bb7 Nxc3 19. bxc3 Rad8 20. Bxc6 Bxc3 21. Rac1 Bf6 22. a4 {1-0
Ghane,S-Mateus,M/Erevan olm (08) 1996 (30)}) 13. Ng5 O-O 14. Rac1 Nxf4 15. exf4
Nxc5 16. b4 Na4 17. Nxa4 Bxa4 18. Bd5 h6 19. Nf3 Rfd8 20. Bxb7 Rab8 21. Rc7 Rd7
22. Rc8+ {1/2-1/2 Spacek,P-Berndt,S/Berlin Neukoelln (06) 1990}) 12... Nxe5 13.
Bxe5 Bxg2 14. Rg1 Bc6 (14... Bf3 15. e4 O-O 16. Rg3 Bh5 17. f4 Rfc8 18. b4 a5
19. Na4 axb4 20. Nb6 Rxc5 21. Bxf7+ Kxf7 22. Nxa8 Rc2 23. Rb1 Nxe4 24. Rxb4 {
0-1 Sokolov,I-Krasenkow,M/Jakarta Gun (09) 1996}) 15. b4 a6 16. Ke2 O-O 17.
Rad1 Rfd8 18. f3 Nd7 19. Bxg7 Kxg7 20. e4 Ne5 21. Bb3 Be8 22. Ke3 Rxd1 23. Rxd1
a5 24. b5 Rc8 25. f4 Rxc5 26. Na4 Ng4+ 27. Kf3 Nxh2+ 28. Kg3 Rxb5 29. Kxh2 Rb4
30. Nc3 a4 {1/2-1/2 Yuferov,S-Gogichaishvili,G/URS-chT/1988/ (42)}) 11... Nbd7
12. Rc1 Nxc5 13. b4 Ne6 14. Bxe6 fxe6 15. Be5 Bh6 16. Ke2 O-O 17. Nh3 Nd5 18.
Nxd5 (18. e4 Nxb4 $15) 18... exd5 (18... Bxd5 19. Rc7 $14) 19. Rc5 a6 20. Nf2 (
20. Rhc1 e6 $14) 20... Rf5 21. f4 (21. Ng4 Bf8 22. Rhc1 e6) 21... Bf8 22. Rhc1
$5 (22. a3 e6 23. Rc2 a5 $132) 22... e6 23. Rxc6 $1 {Neat positional sacrifice,
pawns a6 and e6 are fatally weak. White knight will have important role. Ein
schönes positionelles Opfer, die Bauern a6 und e6 sind sehr schwach. Der
weisse Springer wird eine wichtige Rolle spielen.} (23. R5c2 Bxb4 $15) 23...
bxc6 24. Rxc6 Rf7 (24... Bxb4 25. Ng4 Bf8 26. Rxe6 (26. Nf6+ Kf7 27. Rc7+ Be7
28. Nxh7 Ke8 $13) 26... Ra7 27. Rc6 $14) 25. Rxe6 Bxb4 26. Ng4 Rb7 (26... Bf8
27. Nf6+ Kh8 28. Nxd5+ Bg7 $14) (26... Re7 27. Nf6+ Kf7 28. Rc6 Re6 29. Rc7+
Re7 30. Rc2 $16) 27. Nf6+ Kf8 28. Nxd5 a5 29. Rf6+ Kg8 (29... Ke8 30. Nc7+ $18)
30. Rc6 Ba3 31. Kf3 (31. Nf6+ Kf8 32. e4 a4 $14) 31... a4 32. g4 Bb2 (32... Bb4
33. f5 $16) 33. Nb6 (33. Nf6+ Kg7 34. Ne8+ Kg8 (34... Kf8 35. Nd6 Rb4 36. Rc7
Bxe5 37. fxe5 $18) 35. Nd6 Rb4 $13) 33... Ra6 34. Rc8+ Kf7 35. Bxb2 Raxb6 36.
Bd4 Ra6 (36... Rb1 37. Ra8 R1b4 38. f5 $14) 37. Rh8 Ke6 38. Ke4 Rf7 39. h4 (39.
f5+ gxf5+ 40. gxf5+ Rxf5 41. Rxh7 Raa5 42. Rh6+ Kd7 43. h4 Rh5 $14) 39... a3
40. Rc8 (40. f5+ gxf5+ 41. gxf5+ Rxf5 42. Rxh7 Raa5) 40... Ra5 41. Rc6+ Kd7 42.
Rb6 Kc7 43. Rb1 Kc6 44. g5 Rb7 (44... Re7+ 45. Kd3 Kd5 46. Rb6 $1 Re8 47. Rb7
$18) 45. Rc1+ Kd6 46. Rc2 (46. Be5+ Ke7) 46... Ra4 47. Kf3 Rb1 (47... Rxd4 48.
exd4 Rb2 49. Re2 Kd5 50. Ke3 $16) 48. Be5+ Kd5 49. h5 (49. e4+ Ke6 (49... Rxe4
$2 50. Rd2+) 50. Rc6+ Kd7 51. Rc7+ Ke6 52. Rxh7 Rf1+ 53. Kg2 Re1 $132) 49...
Rf1+ (49... gxh5 50. e4+ Ke6 51. Rc6+ Kf7 52. Rc7+ Ke6 53. Rxh7 Rf1+ 54. Kg2 (
54. Ke2 Rh1 55. Rh6+ Kd7 56. Kf3 Rf1+ 57. Kg2 Re1) 54... Re1 55. Rh6+ Kd7 56.
Rxh5 Raxe4 57. Kf3 $10) 50. Kg2 Re1 51. Rc7 (51. hxg6 hxg6 52. Kf3 Rf1+ 53. Ke2
Rh1) 51... Rxe3 52. Rxh7 Rxe5 (52... gxh5 53. g6 Rc4 $10) 53. fxe5 Rg4+ 54. Kf3
Rxg5 55. hxg6 (55. Kf4 Rf5+ 56. Kg4 Rxh5 57. Rxh5 gxh5+ 58. Kf5 h4 59. e6 Kd6
60. Kf6 h3 61. e7 h2 62. e8=Q h1=Q 63. Qd8+ Kc5 $14) (55. h6 Kxe5 56. Rh8 Rh5
$10) 55... Rxg6 56. Ra7 Kxe5 57. Rxa3 $11 {Endspiel-CD} Kd4 58. Ra8 Re6 (58...
Re6 59. a4 Kc5) 1/2-1/2

[Event "RUS-ch"]
[Site "Elista"]
[Date "1996.??.??"]
[Round "8"]
[White "Rashkovsky, Nukhim N"]
[Black "Dvoirys, Semen I"]
[Result "0-1"]
[WhiteElo "2530"]
[BlackElo "2570"]
[Annotator "Ftacnik,L"]
[PlyCount "62"]
[EventDate "1996.10.15"]
[EventType "swiss"]
[EventRounds "11"]
[EventCountry "RUS"]
[SourceTitle "CBM 056"]
[Source "ChessBase"]
[SourceDate "1997.02.01"]
[SourceVersion "1"]
[SourceVersionDate "1997.02.01"]
[SourceQuality "1"]

1. d4 {Chekhov} Nf6 2. c4 g6 3. Nc3 d5 4. Bf4 Bg7 5. Rc1 O-O 6. e3 dxc4 7. Bxc4
c5 8. dxc5 Qa5 9. Qa4 (9. Nf3 {Chekhov} Qxc5 10. Bb3 $13) 9... Qxa4 (9... Qxc5
$5 {Chekhov} 10. Nb5 Nd5 11. Ne2 Na6 12. Qb3 (12. Bb3 Nxf4 13. Rxc5 Nd3+ 14.
Kf1 Naxc5 $146) 12... Nxf4 13. Nxf4 Qb4+ 14. Nc3 Qxb3 15. Bxb3 Bd7 16. Ke2 e6
$15 {Farago,I-Schmidt,W/Bagneux/1980/0|1/51/}) 10. Nxa4 Bd7 11. Nc3 Rc8 (11...
Na6 12. Nf3 (12. Bxa6 bxa6 13. Be5 Rfc8 14. Bd4 Rab8 15. Nf3 Rxb2 16. Ne5 Bc6
17. O-O Rb7 18. Rb1 Rxb1 19. Rxb1 Ba8 20. c6 Bxc6 21. Nxc6 Rxc6 22. Rb8+ Bf8
23. f4 Ng4 {1/2-1/2 Varga,P-Fogarasi,T/Zalakaros op (06)/1995 (26)}) 12... Nxc5
13. Ke2 Rac8 14. Be5 a6 15. a3 Na4 16. Nxa4 Bxa4 17. Nd4 Ne4 18. Bxg7 Kxg7 {
1/2-1/2 Salov,V-Kortschnoj,V/Brussels WCup/1988}) 12. b4 (12. Nf3 Rxc5 {
1/2-1/2 Hammes,M-Herbrechtsmeier,C/BL 9394/1994}) 12... a5 {N/} (12... Nc6 13.
a3 Ng4 14. Nf3 Nge5 15. Be2 f5 16. Bxe5 Nxe5 17. O-O Rab8 18. Nd4 Kf8 19. Rfd1
Ke8 20. f4 Nf7 21. Bc4 Rd8 22. Ncb5 e5 23. Ne6 {1-0 Bareev,E-Villamayor,B/WchJ
Gausdal (04)/1986 (43)}) 13. b5 (13. a3 $6 {Chekhov} axb4 14. axb4 Nc6 15. b5
Na5 $17) 13... a4 $1 (13... Rxc5 $2 14. Na4 $16 (14. Na4 {Chekhov} Rf5 (14...
Rxc4 15. Rxc4 Bxb5 16. Rc8+ $18) 15. Nb6 $18)) 14. Nd5 Nxd5 (14... Rxc5 $4 {
Chekhov} 15. Nxf6+ Bxf6 16. Bxf7+ Kxf7 17. Rxc5 $18) 15. Bxd5 Bxb5 $1 16. Bxb7
Na6 17. Bxa8 (17. Ne2 Bb2) 17... Rxa8 18. Ne2 (18. Nf3 {Chekhov} Nb4 (18... Bb2
$5 19. Rb1 a3 20. Be5 Nxc5 21. Bxb2 axb2 22. Nd4 Bc4 23. Kd2 Ne4+ 24. Kc2 Nxf2
$17) 19. Rb1 Bc3+ (19... Rd8 20. Nd4 Bxd4 (20... Nd3+ 21. Kd2 Ba6 22. Rb8 $18)
(20... Nc2+ 21. Kd2 Nxd4 22. exd4 Rxd4+ 23. Ke3 Rd3+ 24. Ke2 Rb3+ 25. Kd2 Bc3+
26. Kc2 $18) 21. exd4 Rxd4 22. Bd2 $13) (19... Bd3 $5) 20. Kd1 Rd8+ 21. Nd4 $13
Bd3 (21... f6 22. a3) 22. Rc1 Nxa2 23. Rxc3 Nxc3+ 24. Kd2 $18) 18... Bb2 $1 19.
Rc2 $2 {White was not able to suspect, that with an exchange and a spare pawn
his future can be endangered. Weiß war nicht dazu in der Lage zu erkennen, daß
seine Zukunft mit Mehrqualität und Mehrbauer fraglich sein könnte.} (19. Kd2 $1
Bxc1+ 20. Rxc1 Rc8 $10) 19... a3 20. Nd4 Nb4 21. Nxb5 (21. Rd2 Nd3+ (21... Bc4
$17 {Chekhov}) 22. Kd1 Bxd4 23. exd4 (23. Rxd3 Bxd3 24. exd4 Bc4 25. Kd2 Bxa2
26. Ra1 Bd5 27. f3 a2 $17) 23... Nxf4 24. d5 $2 Ba4+ 25. Kc1 Ra5 $19) 21...
Nxc2+ 22. Ke2 (22. Kd2 {Chekhov} Nb4 23. c6 Rd8+ (23... Nxc6 24. Kc2 Ra5 $17)
24. Ke2 Nxc6 25. Rd1 Rxd1 26. Kxd1 Nb4 $17) 22... Nb4 23. Rd1 (23. c6 Nxc6 $17)
23... Nxa2 {Suddenly is Pa3 more dangerous than Pc5. Auf einmal ist Pa3
gefährlicher als Pc5.} 24. c6 Nc1+ 25. Kf3 (25. Rxc1 Bxc1 26. Be5 (26. Nc3 {
Chekhov} a2 27. Nxa2 Rxa2+ 28. Kd1 Bb2 29. c7 Ra8 $19) 26... Bb2 27. Bc3 Bxc3
28. Nxc3 a2 $19) 25... a2 26. Rxc1 (26. c7 a1=Q 27. Rd8+ Kg7 28. Rxa8 Qxa8+ $19
) 26... Bxc1 27. Be5 Bd2 (27... a1=Q $2 28. Bxa1 Rxa1 29. c7 Ra8 30. Na7 $1 $10
) 28. Ba1 (28. c7 {Chekhov} Ba5 29. Ba1 Rc8 $18) 28... Ba5 29. Ke4 Rb8 30. c7 (
30. Nd4 {Chekhov} Rb1 31. Nc2 Kf8 $19) 30... Rc8 31. Kd5 Bxc7 0-1

[Event "Passau op 2nd"]
[Site "Passau"]
[Date "1994.??.??"]
[Round "?"]
[White "Farago, Ivan"]
[Black "Ftacnik, Lubomir"]
[Result "0-1"]
[WhiteElo "2515"]
[BlackElo "2565"]
[Annotator "Ftacnik,L"]
[PlyCount "58"]
[EventDate "1994.??.??"]
[EventType "swiss"]
[EventRounds "7"]
[EventCountry "GER"]
[SourceTitle "EXT 1999"]
[Source "ChessBase"]
[SourceDate "1998.11.16"]
[SourceVersion "1"]
[SourceVersionDate "1998.11.16"]
[SourceQuality "1"]

1. d4 Nf6 2. c4 g6 3. Nc3 d5 4. Bf4 Bg7 5. e3 (5. Rc1) 5... c5 6. dxc5 Qa5 7.
cxd5 (7. Rc1) 7... Nxd5 8. Qxd5 Bxc3+ 9. bxc3 Qxc3+ 10. Ke2 Qxa1 11. Be5 Qb1
12. Bxh8 Be6 13. Qd3 Qxa2+ 14. Kf3 f6 15. Kg3 $6 (15. Bg7 Nd7 $5 (15... Nc6)
16. Kg3 Kf7 17. Bh6 Nxc5 18. Qd4 Qc2 19. f3 $13) 15... Kf7 $1 16. Nf3 (16. Qd8
Qd5 17. Qxd5 Bxd5 18. Nh3 Nc6 $17) (16. h4 Nd7 17. h5 Rg8 $1 (17... Rxh8 18.
hxg6+ Kg7 19. Rxh7+ Rxh7 20. gxh7 Nxc5 21. Qd8 Ne4+ 22. Kf4 $1) 18. hxg6+ Rxg6+
19. Kh2 Rh6+ 20. Nh3 Qxf2 $19) 16... Nd7 17. Qc3 (17. Qd4 Qd5 (17... Rxh8 $6
18. Ng5+ Kg7 19. Bb5 Nf8 20. Ra1 $36) 18. Qxd5 Bxd5 19. e4 Ba2 $1 (19... Be6
20. Nd4 Rxh8 21. Nxe6 Kxe6 22. Bc4+ Ke5 23. Rd1 $1) 20. Bb5 Nxc5 $17) 17... Qd5
18. h4 Nxc5 (18... Rxh8 19. Ng5+ Kg7 20. e4 Qb3 21. Nxe6+ Qxe6 22. Bb5 Rc8 $17)
19. Ng5+ Qxg5+ (19... Kg8 $1 20. Bxf6 $8 exf6 21. Qxf6 Qxg5+ $1 (21... Qd6+ 22.
f4 Rf8 23. Qd4) 22. Qxg5 Ne4+ 23. Kf4 Nxg5 24. Kxg5 a5 25. h5 gxh5 26. Rxh5 a4
27. Bd3 (27. Rh6 a3 28. Rxe6 a2 29. Bc4 a1=Q 30. Ra6+ Kg7 $19) 27... Ra5+ $19)
20. hxg5 Ne4+ 21. Kf4 Nxc3 22. Rxh7+ Kg8 23. Rh6 Rf8 24. Bd3 $6 (24. gxf6 exf6
25. e4 $1 a5 26. e5 g5+ (26... fxe5+ 27. Kxe5 Bb3 28. Bf6 $132) 27. Kg3 fxe5
28. Bxe5 Ne4+ 29. Kh2 Rxf2 30. Bd3 Bd5 $17) 24... a5 25. Bxg6 (25. gxf6 exf6
26. e4 b5 27. e5 fxe5+ 28. Kxe5 Bf5 $17) 25... a4 26. Bd3 (26. Bc2 Bb3 $1 27.
Bf5 a3 28. g6 a2 29. g7 Rd8 $19) (26. Bh7+ Kxh8 27. Bf5+ Kg7 28. Bxe6 fxg5+ 29.
Kxg5 Ne4+ 30. Kh5 Rf6 $1) 26... a3 27. gxf6 (27. g6 Rd8 $19) 27... exf6 28. Rh1
(28. Bxf6 Nd5+ $19) 28... a2 29. Bh7+ Kf7 0-1

[Event "Jakarta Gunadarma"]
[Site "Jakarta"]
[Date "1996.??.??"]
[Round "9"]
[White "Sokolov, Ivan"]
[Black "Krasenkow, Michal"]
[Result "0-1"]
[WhiteElo "2670"]
[BlackElo "2605"]
[Annotator "Ftacnik,L"]
[PlyCount "47"]
[EventDate "1996.10.15"]
[EventType "tourn"]
[EventRounds "9"]
[EventCountry "INA"]
[EventCategory "13"]
[SourceTitle "CBM 056"]
[Source "ChessBase"]
[SourceDate "1997.02.01"]
[SourceVersion "1"]
[SourceVersionDate "1997.02.01"]
[SourceQuality "1"]

1. d4 {Krasenkow,M} Nf6 2. c4 g6 3. Nc3 d5 4. Bf4 Bg7 5. e3 c5 6. dxc5 Qa5 7.
Qa4+ Qxa4 8. Nxa4 Bd7 9. Nc3 dxc4 10. Bxc4 Bc6 11. Nf3 (11. Bb5 {Krasenkow,M}
Nfd7 $1) 11... Nbd7 12. Ne5 (12. O-O Nh5 (12... O-O 13. Nd4 Nxc5 14. Nxc6 bxc6
15. Be5 Ncd7 16. Bg3 Nb6 17. Ba6 Nfd5 18. Bb7 Nxc3 19. bxc3 Rad8 20. Bxc6 Bxc3
21. Rac1 Bf6 22. a4 {1-0 Ghane,S-Mateus,M/Erevan olm (08) 1996 (30)}) 13. Ng5 (
13. Nd5 {Krasenkow,M} Rc8 14. Bg5 (14. Nc7+ $6 Kd8) 14... Bxd5 15. Bxd5 Rxc5
16. Bxb7 h6 $10) 13... O-O 14. Rac1 Nxf4 15. exf4 Nxc5 16. b4 Na4 17. Nxa4 Bxa4
18. Bd5 h6 19. Nf3 Rfd8 20. Bxb7 Rab8 21. Rc7 Rd7 22. Rc8+ {1/2-1/2 Spacek,
P-Berndt,S/Berlin Neukoelln (06) 1990}) 12... Nxe5 13. Bxe5 Bxg2 14. Rg1 Bf3 {
xKe1} (14... Bc6 15. b4 a6 16. Ke2 O-O 17. Rad1 Rfd8 18. f3 Nd7 19. Bxg7 Kxg7
20. e4 Ne5 21. Bb3 Be8 22. Ke3 Rxd1 23. Rxd1 a5 24. b5 Rc8 {1/2-1/2 Yuferov,
S-Gogichaishvili,G/URS-chT/1988 (42)}) 15. e4 $2 {Sokolov tries to play for
maximum, but he will be a crucial tempo short. Sokolov versucht am Maximum zu
spielen, aber er wird ein entscheidendes Tempo vermissen.} (15. Bb5+ Kf8 (15...
Bc6 {Krasenkow,M} 16. Bxc6+ bxc6 17. b4 $5) 16. Rg3 Bc6 (16... Bh5 17. e4) 17.
Bxc6 bxc6 18. Rd1 (18. O-O-O $14) 18... Nh5 19. Bxg7+ Kxg7 20. Rg4 Rhb8 21. b3
Rb7 22. Ra4 Nf6 23. Rdd4 {Kachiani Gersinska,K-Doncevic,D/BL2-W 9596/1996/1-0 
(70)}) 15... O-O 16. Rg3 Bh5 {/\17...Rfc8 18.b4 Nxe4!;18...a5} 17. f4 (17. b4
Rfc8 18. Rc1 Nxe4 $1 19. Nxe4 Bxe5 $19) (17. Rd3 {Krasenkow,M} Rfc8 18. b4 a5
19. Na4 axb4 20. Nb6 Rxc5 $19) 17... Rfc8 18. b4 a5 19. Na4 $6 (19. Nd5 Nxd5
20. Bxd5 Bxe5 21. fxe5 Rc7 22. Ra3 (22. b5 e6 $19) 22... e6 23. Bb3 (23. Bc4 {
Krasenkow,M} Rd8 $1 (23... Rcc8 24. Rb1 axb4 25. Rxa8 Rxa8 26. Rxb4 $13) 24.
Rxa5 Rd4 $1 $19) 23... Rcc8 $17) 19... axb4 20. Nb6 Rxc5 21. Bxf7+ (21. Nxa8
Rxc4 22. Rb1 Nxe4 $19) 21... Kxf7 22. Nxa8 Rc2 {Despite a spare exchange white
is sitting at a hopeless mess. Trotz eine Qualität mehr besitzt Weiß eine
total ruinierte Stellung.} (22... Nxe4 23. Re3 Bxe5 24. fxe5 Rxe5 25. Rc1 (25.
Rb1 Rg5 $19) 25... Ng5 $17) 23. Rb1 (23. Kf1 {Krasenkow,M} Nxe4 24. Rg2 Nd2+
25. Kg1 Nf3+ 26. Kh1 Rxg2 27. Kxg2 Nxe5 28. fxe5 Bxe5 $19) 23... Nxe4 24. Rxb4
$2 (24. Rxb4 Rc1#) (24. Re3 Bxe5 25. fxe5 Rxh2 26. Rxe4 Rh1+ 27. Kf2 Rxb1 $19)
0-1

[Event "New York op"]
[Site "New York"]
[Date "1998.03.18"]
[Round "5"]
[White "Novikov, Igor A"]
[Black "Yermolinsky, Alex"]
[Result "1/2-1/2"]
[WhiteElo "2550"]
[BlackElo "2660"]
[Annotator "Ftacnik,L"]
[PlyCount "61"]
[EventDate "1998.03.16"]
[EventType "swiss"]
[EventRounds "9"]
[EventCountry "USA"]
[SourceTitle "CBM 064"]
[Source "ChessBase"]
[SourceDate "1998.06.02"]
[SourceVersion "1"]
[SourceVersionDate "1998.06.02"]
[SourceQuality "1"]

1. d4 Nf6 2. c4 g6 3. Nc3 d5 4. Bf4 Bg7 5. e3 c5 6. dxc5 Qa5 7. Qa4+ Qxa4 8.
Nxa4 Bd7 9. Nc3 Ne4 $5 10. Nxd5 (10. Nge2 Nxc5 $5 (10... Na6 11. cxd5 Naxc5 12.
Rd1 $1 (12. Nxe4 Nxe4 13. Nd4 (13. f3 Bxb2 14. Rb1 Nc5) 13... Rc8 14. Rd1 (14.
f3 Bxd4 15. exd4 Nf6 16. Be5 Rc2 $13) 14... Bxd4 (14... Ba4 $5 15. b3 Bd7 $13 {
/\ Nc3}) 15. Rxd4 Rc1+ 16. Ke2 f5 (16... Bb5+ 17. Kf3 Bxf1 18. Rxe4 Be2+ 19.
Kxe2 Rxh1 20. d6 e6 21. Rc4 $18) 17. Rb4 Rc2+ 18. Kd1 Rc5 $13) (12. Nd4 Nxc3
13. bxc3 Rc8 $44) 12... Rc8 13. Nxe4 Nxe4 14. f3 Nc5 15. b3 $16) 11. Nxd5 Nd3+
12. Kd2 Nxf2 13. Nc7+ Kd8 14. Nxa8 e5 15. Bg5+ f6 $13 {פa8}) 10... Na6 11. f3
(11. Rb1 $5 Bf5 $1 $13) 11... Nexc5 12. O-O-O (12. Bg5 Bxb2 13. Rb1 f6 $11) (
12. Rb1 $5 e6 (12... Rc8 13. Bg5 $1 f6 14. Bh4 g5 15. Bg3 e6 16. Nc3 Nb4 (16...
f5 17. Rd1 Na4 18. Nxa4 Bxa4 19. b3 Bc6 20. Bd6 $16) 17. Rd1 f5 18. Rd2 $1 $14)
13. Nc7+ Nxc7 14. Bxc7 Na4 $1 $13) 12... e6 (12... Rc8 13. Bg5 f6 14. Bh4 g5
15. Be1 $16) 13. Nc7+ (13. Nc3 Bxc3 (13... Rc8 14. e4 $1 Bxc3 15. bxc3 f6 16.
e5 $16) 14. bxc3 f6 $44 {/\ e5, Be6, Rc8}) 13... Nxc7 14. Bxc7 Rc8 {Black
sacrificed the pawn in order to get quick play on the diagonal a1-h8.} 15. Bd6
(15. Bg3 b5 16. b3 bxc4 17. Bxc4 Na4 $132) 15... b5 $1 16. b3 (16. cxb5 Ne4+
17. Kb1 Nf2 $17) 16... bxc4 17. Bxc4 Na4 18. Rd2 (18. bxa4 $2 Rxc4+ $17) 18...
Bb5 19. Rc2 Bxc4 20. bxc4 Kd7 21. c5 (21. Ba3 Rc6 22. Ne2 Rhc8 23. Rd1+ Ke8 $11
) 21... Rc6 $1 22. Ne2 {0,5/Van Wely,L-Svidler,P/Tilburg/1997/} Nxc5 23. Rd1
Rhc8 {White has to take care in order to keep balance.} (23... Rxd6 24. Rxc5
$11) 24. Rxc5 (24. Bxc5+ Ke8 25. Kd2 Rxc5 $11) 24... Rxc5+ 25. Bxc5+ Ke8 26.
Kd2 (26. Rd2 Rxc5+ 27. Rc2 Rxc2+ 28. Kxc2 Kd7 29. Kd3 Kc6 30. Kc4 $11) 26...
Rxc5 27. Rb1 Ra5 28. Rb8+ Ke7 29. Rb7+ Ke8 (29... Kf6 30. Nc3 g5 $11) 30. Rb8+
Ke7 31. Rb7+ 1/2-1/2

[Event "URS-ch FL55"]
[Site "Lvov"]
[Date "1987.11.11"]
[Round "5"]
[White "Gavrikov, Viktor"]
[Black "Lputian, Smbat G"]
[Result "1/2-1/2"]
[WhiteElo "2555"]
[BlackElo "2540"]
[Annotator "Ftacnik,L"]
[PlyCount "36"]
[EventDate "1987.11.??"]
[EventType "tourn"]
[EventRounds "17"]
[EventCountry "URS"]
[EventCategory "10"]
[SourceTitle "EXT 2018"]
[Source "ChessBase"]
[SourceDate "2017.10.13"]
[SourceVersion "1"]
[SourceVersionDate "2017.10.13"]
[SourceQuality "1"]

1. d4 Nf6 2. c4 g6 3. Nc3 d5 4. Bf4 Bg7 5. e3 c5 6. dxc5 Qa5 7. Qa4+ Qxa4 8.
Nxa4 Be6 {'!?'} (8... Na6 $6 9. cxd5 Nxd5 10. Bb5+ Bd7 11. Bxd7+ $1 Kxd7 12.
O-O-O Kc6 13. Nf3 $1 Nxc5 14. Be5 $1 Nxa4 15. Bxg7 $16) 9. cxd5 {'?!'} (9. Rc1)
(9. Ne2 dxc4 10. Nd4 $5) 9... Nxd5 10. Bb5+ (10. Bxb8 Bd7 $1) 10... Nd7 11. Ne2
a6 12. Bxd7+ Bxd7 13. Nb6 Nxb6 14. cxb6 Bxb2 15. Rb1 Bg7 16. Bc7 {'!'} Be6 17.
a3 Bf5 18. Rd1 Bb2 1/2-1/2